Statistics for Country Consonant Pairs

Click here to take the quiz!

General Stats

  • This quiz has been taken 28 times
  • The average score is 7 of 12

Answer Stats

letterscountry% Correct
ZWZimbabwe
100%
FJFiji
95%
MQMozambique
95%
KBKiribati
76%
YPCyprus, Egypt
67%
PYParaguay
57%
BJAzerbaijan
52%
FGAfghanistan
48%
FHAfghanistan
48%
XRLuxembourg
48%
JCJamaica
43%
JSTajikistan
10%

Score Distribution

Percentile by Number Answered

Percent of People with Each Score

Your Score History

You have not taken this quiz